000 00572nam a2200217Ia 4500
005 20241216011034.0
008 190212s9999||||xx |||||||||||||| ||und||
082 _a623.45115
_bS19
100 _aSAMAME BOGGIO MARIO
245 0 _aEL PERU MINERO
250 _a0
260 _aLIMA-PERU
_bSAMAME BOGGIO MARIO
_c1995
300 _a1141 pag
_c21 cm
341 _h0
490 _v1
_a6
505 _aHISTORIA-EXPLOTACION-MINERIA/METALURGIA-SIDERURGIA
541 _aC
_d25-Jan-99
_oSoles
650 _aCIENCIAS APLICADAS
856 _zCiencias Aplicadas
942 _cLIBRO
999 _c30952
_d30952